Consciousness and language
Shranjeno v:
| Glavni avtor: | |
|---|---|
| Format: | Knjiga |
| Jezik: | španščina |
| Izdano: |
Cambridge
Cambridge University
2002
|
| Izdaja: | 1a. ed |
| Teme: | |
| Oznake: |
Označite
Brez oznak, prvi označite!
|
MARC
| LEADER | 00000nam a2200000 a 4500 | ||
|---|---|---|---|
| 001 | UCI3731 | ||
| 003 | CL-VaPUC | ||
| 008 | 071123e20020000uk |||||||||||||||||spa|d | ||
| 020 | |a 0521597447 | ||
| 082 | 0 | 4 | |a 126 |b SEA |2 21 |
| 100 | 0 | |a Searle, John R |e author |9 525246 | |
| 245 | 1 | 0 | |a Consciousness and language |
| 250 | |a 1a. ed | ||
| 300 | |a 269 p | ||
| 942 | |c BK | ||
| 945 | |d 20071123 00:00:00 |a jtorresc | ||
| 260 | |a Cambridge |b Cambridge University |c 2002 | ||
| 650 | 0 | |a Conciencia |9 309452 | |
| 650 | 0 | |a Psicolingüística |9 283371 | |
| 650 | 0 | |a Procesos cognitivos |9 493766 | |
| 583 | |a last modification |c 20130807 01:18:05 |k Rodrigo Vera | ||
| 999 | |c 327849 |d 327847 | ||
| 952 | |0 0 |1 0 |4 0 |6 126_000000000000000_SEA_2002 |7 0 |8 A |9 411336 |a FDOPOS |b FDOPOS |d 2019-11-22 |i 4390261 |o 126 SEA 2002 |p 4390261 |r 2025-01-22 |w 2019-11-22 |y BK |k MLA | ||